Welcome to the Holygrace Academy Library

Please use search bar below to get started

ILLUSTRATED FAMILY ENCYCLOPEDIA (Record no. 2194)

MARC details
000 -LEADER
fixed length control field 00319nam a22001337a 4500
020 ## - INTERNATIONAL STANDARD BOOK NUMBER
ISBN 0-1430-6302-2
082 ## - DEWEY DECIMAL CLASSIFICATION NUMBER
Classification number 030
Item number KIN/I
100 ## - MAIN ENTRY--AUTHOR NAME
Personal name DORLING KINDERSLEY
245 ## - TITLE STATEMENT
Title ILLUSTRATED FAMILY ENCYCLOPEDIA
260 ## - PUBLICATION, DISTRIBUTION, ETC. (IMPRINT)
Place of publication LONDON
Name of publisher DK LIMITED
Year of publication 2007
300 ## - PHYSICAL DESCRIPTION
Number of Pages 1012
650 ## - SUBJECT ADDED ENTRY--TOPICAL TERM
Topical Term ENCYCLOPEDIA
Geographic subdivision UNITED KINGDOM
942 ## - ADDED ENTRY ELEMENTS (KOHA)
Koha item type Books
Holdings
Withdrawn status Lost status Collection code Home library Current library Shelving location Date acquired Source of acquisition Full call number Accession Number Koha item type
    Reference Main Library Main Library SHELF 1 H -DICTIONARY, ENCYCLOPEDIA 14/05/2009 purchase 030 KIN/I 04467 Books